000 00278nam a22001337a 4500
008 170923b xxu||||| |||| 00| 0 eng d
020 _a9780669440423
041 _aeng
080 _a37
100 _a46
101 _aEDU
245 _aWRITE AWAY
_cKEMPER, D
942 _2udc
_cBK
999 _c29376
_d29376